• 首页
  • 本馆介绍
  • 公告通知
  • 最新文献
  • 馆藏检索
  • 电子资源
  • 读者导购
  • 参考咨询
  • 我的图书馆
  • 登录
  • 详细信息显示
  • 放入我的书架
  • 预约/预借图书
  • 作者相关作品
  • 分类相关作品
  • 丛书相关作品
  • 出版社相关作品

书目信息

  • 表格格式
  • 工作单格式
  • 卡片格式
书名: Ancient China's technology and science
作者: compiled by the Institute of the History of Natural Sciences, Chinese Academy of Sciences.
分册号:
分册名:
出版地: Beijing :
 
出版社: Foreign Languages Pr
出版时间: 1983.
页数: 632 p. :
开本: 21 cm.
丛书名: China knowledge series
中图分类号:
科图分类号:
其他分类号: H319.4
主题词:
电子资源:
000 01087nam 2200289 a 4500
001 E0754922702
005 20070302090037.12
008 001 0 eng
008 uu
040    @aNLC
043    @aa-cc---
049    @aN5LA
090    @a2C/T-092/CAS//////////////966790/-2/ 3cop./966772/ cop.3/966773/ cop.5/966774/ cop.6
090    @aH319.4
096    @aT-092 @v2
099    @dH319.4@ex12
245 00 @aAncient China's technology and science / @ccompiled by the Institute of the History of Natural Sciences, Chinese Academy of Sciences.
260    @aBeijing :@bForeign Languages Pr.,@c1983.
300    @a632 p. :@bill. ;@c21 cm.
440  0 @aChina knowledge series
500    @aColophon in Chinese.
500    @aIncludes index.
504    @aBibliography: p. 536-557.
650  0 @aScience @zChina @xHistory.
650  0 @aTechnology @zChina @xHistory.
710 2  @aZhongguo ke xue yuan. @bZi ran ke xue shi yan jiu suo. @b00 @c20020930 @lNLC09 @h2246 @lNLC09 @h2304 @lNLC09 @h1855 @b40 @c20030713 @lNLC09 @h1119
852 9  @bWWJC @cJ08S @k2C @hT-092 @iCAS
    
    Ancient China's technology and science / / compiled by the Institute of the History of Natural Sciences, Chinese Academy of Sciences.-Beijing : : Foreign Languages Pr., , 1983.
    632 p. : : ill. ; ; 21 cm.- (China knowledge series )
    Colophon in Chinese.-Includes index.-Bibliography: p. 536-557.
    
    ISBN
    
●
相关链接 在E读中查询图书 在五车中查询图书 在当当中查询图书 在豆瓣中查询图书


正题名:Ancient China's technology and science     索取号:H319.4/x12         预约/预借

序号 登录号 条形码 馆藏地/架位号 状态 备注
1 180070   001183285   第二样本阅览室/ [索取号:H319.4/x12] 在馆    
2 96633   001183301   第四借阅区/ [索取号:H319.4/x12] 在馆    
3 96634   001182749   第四借阅区/ [索取号:H319.4/x12] 在馆    
4 96635   001182758   第四借阅区/ [索取号:H319.4/x12] 在馆    
唐山师范学院图书馆 欢迎您!
大连网信软件有限公司© 版权所有